| 000 | 00514nam a22001817a 4500 | ||
|---|---|---|---|
| 005 | 20160803111206.0 | ||
| 010 | _aENG-115514 | ||
| 020 |
_a9789350570531 _c395.00 |
||
| 035 | _aEN-99046 | ||
| 037 | _bDBAD/PUB | ||
| 082 | _aS | ||
| 100 | _aGoyal, Vishal | ||
| 245 |
_a Fix your problems : _cVishal Goyal _bthe Tenali Raman way / |
||
| 260 |
_aNew Delhi _bV & S Publishers _c2013 |
||
| 270 |
_aF-2/16,Ansari Road,Daryaganj _bNew Delhi _e110002 |
||
| 300 |
_a226p. : _c21cm(pbk) _bill |
||
| 942 |
_2ddc _cEN _hS _mTEN |
||
| 999 |
_c101443 _d101443 |
||